Higiene de la voz infantil. Sugerencias para todos aquellos a quienes se confían niños
Αποθηκεύτηκε σε:
| Κύριος συγγραφέας: | |
|---|---|
| Μορφή: | Βιβλίο |
| Γλώσσα: | Ισπανικά |
| Έκδοση: |
Buenos Aires, Argentina
EUDEBA
1967
|
| Σειρά: | La Escuela en el Tiempo. Cuadernos del Jardín,
|
| Θέματα: | |
| Διαθέσιμο Online: | Disponible Online |
| Ετικέτες: |
Προσθήκη ετικέτας
Δεν υπάρχουν, Καταχωρήστε ετικέτα πρώτοι!
|
MARC
| LEADER | 00000cam a2200000 a 4500 | ||
|---|---|---|---|
| 001 | UCN2696 | ||
| 003 | CL-VaPUC | ||
| 005 | 20220826110041.0 | ||
| 008 | 010531e19670000AG |||||||||||||||||spa|d | ||
| 999 | |c 295751 |d 295749 | ||
| 040 | |c Pontificia Universidad Católica de Valparaíso | ||
| 082 | 0 | 4 | |a 782.7148 NIT 1967 |2 21 |
| 100 | |a Nitsche, Paul |e autor |9 458818 | ||
| 245 | 1 | 0 | |a Higiene de la voz infantil. |b Sugerencias para todos aquellos a quienes se confían niños |
| 260 | |a Buenos Aires, Argentina |b EUDEBA |c 1967 | ||
| 300 | |a 37 páginas | ||
| 440 | |a La Escuela en el Tiempo. Cuadernos del Jardín, |n 31 |9 860899 | ||
| 583 | |a last modification |c 20120424 10:48:02 |k Rodrigo Vera | ||
| 650 | 0 | |a Música vocal |9 306287 | |
| 650 | 0 | |a Voz infantil |2 CL-VaPUC |9 458819 | |
| 650 | 0 | |a Respiración |2 CL-VaPUC |9 343794 |x Música | |
| 650 | 0 | |a Higiene |9 353877 | |
| 856 | |u http://bibliografiadigital.pucv.cl.pucv.idm.oclc.org/index.php/bibliotecapucv/catalog/book/430 |y Disponible Online | ||
| 942 | |c BK |2 ddc | ||
| 945 | |d 20010531 00:00:00 |a crobeson | ||
| 952 | |0 0 |1 0 |4 0 |6 782_714800000000000_NIT_1967 |7 0 |8 R |9 349085 |a BIBEDU |b BIBEDU |d 2019-11-20 |i 4859472 |o 782.7148 NIT 1967 |p 4859472 |r 2023-01-12 |w 2019-11-20 |y BK_R |k MUS | ||